000 00423nam a22001697a 4500
003 SGT
020 _a9780323681056
082 _a616.01
_bB22T
100 _aTILLE, PATRICIA M.
245 _aBAILEY & SCOTT'S DIAGNOSTIC MICROBIOLOGY
250 _a15TH
260 _aMISSOURI
_bELSEVIER PUB
_c2022
300 _a1168
650 _aMICROBIOLOGY
653 _aBAILEY & SCOTT'S DIAGNOSTIC MICROBIOLOGY
942 _2ddc
_cBK
999 _c22645
_d22645